Govt. of
Madhya Pradesh

भारत की राजयव्यवस्था सिविल सेवा ओर राज्य सेवा परीक्षाओ हेतु (Record no. 67298)

MARC details
000 -LEADER
fixed length control field 00473nam a22001097a 4500
082 ## - DEWEY DECIMAL CLASSIFICATION NUMBER
Classification number 320
100 ## - MAIN ENTRY--AUTHOR NAME
Personal name लक्ष्मीकांत , एम .
245 ## - TITLE STATEMENT
Title भारत की राजयव्यवस्था सिविल सेवा ओर राज्य सेवा परीक्षाओ हेतु
260 ## - PUBLICATION, DISTRIBUTION, ETC. (IMPRINT)
Place of publication CHENNAI
Name of publisher MCGRAW HILL EDUCATION (INDIA) PRIVATE LIMITED
Year of publication 2024
650 ## - SUBJECT ADDED ENTRY--TOPICAL TERM
Topical Term राजव्यवस्था
942 ## - ADDED ENTRY ELEMENTS (KOHA)
Koha item type Competitive Books
Holdings
Withdrawn status Lost status Damaged status Not for loan Home library Current library Date acquired Cost, normal purchase price Full call number Accession Number Price effective from Koha item type
        MACL MACL 20/10/2024 1090.00 320 DPI002350 20/10/2024 Competitive Books
        MACL MACL 20/10/2024 1090.00 320 DPI002351 20/10/2024 Competitive Books